Claudius Ælianus his various history

Bibliographic Details
Main Author: Aelian, Claudius
Other Authors: Stanley, Thomas, 1625-1678
Format: eBook
Language:English
Published: London : Printed for Thomas Dring, 1665.
Series:Early English books online.
Subjects:
Online Access:Connect to the full text of this electronic book

MARC

Tag First Indicator Second Indicator Subfields
LEADER 00000nam a2200000Ia 4500
001 in00004268721
005 20200810073909.0
006 m g d
007 cr bn |||a|bb|
008 850725s1665 enk o 00| | eng d
035 |a (OCoLC)12305424 
040 |a EAA  |c EAA  |d m/c  |d WaOLN 
037 |a CL0037000006  |b ProQuest Information and Learning. 300 N. Zeeb Rd., Ann Arbor, MI 48106 
041 1 |a eng  |h grc 
049 |a UMIA 
100 1 |a Aelian, Claudius. 
240 0 0 |a Varia historia.  |l English 
245 1 0 |a Claudius Ælianus his various history 
260 |a London :  |b Printed for Thomas Dring,  |c 1665. 
300 |a 1 online resource ([15], 314, [28] pages) 
336 |a text  |b txt  |2 rdacontent 
337 |a computer  |b c  |2 rdamedia 
338 |a online resource  |b cr  |2 rdacarrier 
500 |a Translation of: Varia historia. 
500 |a First edition of this translation by Thomas Stanley the younger. Cf. DNB. 
500 |a Commendatory verses by Sir Edward Sherburne and others. 
500 |a Reproduction of original in British Library. 
510 4 |a Wing  |c A679 
533 |a Electronic reproduction.  |b Ann Arbor, Mich. :  |c UMI,  |d 1999-  |f (Early English books online)  |n Digital version of: (Early English books, 1641-1700 ; 198:3)  |7 s1999 miun s 
650 0 |a History, Ancient. 
700 1 |a Stanley, Thomas,  |d 1625-1678. 
740 0 |a Claudius Aelianus his various history. 
830 0 |a Early English books online. 
856 4 0 |u http://proxy.library.tamu.edu/login?url=https://search.proquest.com/docview/2240970566  |z Connect to the full text of this electronic book  |t 0 
999 f f |s b1a9c92a-ef77-378e-8eec-5829ba9a38f1  |i 1a485ff3-bd78-3157-a72f-db82f1c79b22  |t 0 
952 f f |a Texas A&M University  |b College Station  |c Electronic Resources  |d Available Online  |t 0  |h No information provided 
998 f f |t 0  |l Available Online